Statistics for Best NBA Free Agents in the Summer of 2018

Click here to take the quiz!

General Stats

  • This quiz has been taken 81 times
  • The average score is 8 of 12

Answer Stats

TeamPlayer% Correct
CLELeBron James
100%
GSWKevin Durant
96%
HOUChris Paul
92%
OKCPaul George
92%
NOPDeMarcus Cousins
83%
LACDeAndre Jordan
81%
HOUClint Capela
75%
ORLAaron Gordon
69%
OKCCarmelo Anthony
46%
LALJulius Randle
46%
MILJabari Parker
39%
LALIsaiah Thomas
29%

Score Distribution

Percentile by Number Answered

Percent of People with Each Score

Your Score History

You have not taken this quiz